Mots mal orthographiés #2 - Statistiques

Statistiques générales
  • Ce quiz a été pris 695 fois
    634 depuis la dernière actualisation
  • Le résultat moyen est 5 sur 14
Answers on the Grid
Answers color-coded by a green-red scale on the quiz's grid according to % correct below.
Dilemne
Héro
Cauchemard
Nourrir
Mourir
Serpillière
Acueillir
Parallèlle
Éventuellement
Sensé
Censé
Mouffle
Trotinette
Météroite
Enzyme
Vingt
Balade
Agrafeuse
Carrousel
Humouristique
Language
Abbréviation
Exemple
Ballade
Parmis
Malgré
Longtemps
Appeler
Ommettre
Appercevoir
 
Statistiques - réponses
Réponse % Correct
Cauchemard
57%
Dilemne
53%
Héro
48%
Parallèlle
42%
Météroite
38%
Acueillir
37%
Language
34%
Humouristique
33%
Appercevoir
30%
Parmis
30%
Ommettre
26%
Trotinette
23%
Abbréviation
18%
Mouffle
8%
Aucun quiz correspondant
Distribution des résultats
% des personnes avec chaque résultat
Percentile par nombre de réponses
Votre historique - résultats
Vous n’avez pas pris ce quiz depuis la dernière actualisation